Kitab ul mufardaat almaroof khawas ul adviyah (Urdu) (Record no. 81009)
[ view plain ]
| 000 -LEADER | |
|---|---|
| fixed length control field | 00453nam a2200169Ia 4500 |
| 001 - CONTROL NUMBER | |
| control field | 70214 |
| 008 - FIXED-LENGTH DATA ELEMENTS--GENERAL INFORMATION | |
| fixed length control field | 151222s9999||||xx |||||||||||||| ||und|| |
| 020 ## - INTERNATIONAL STANDARD BOOK NUMBER | |
| International Standard Book Number | NA |
| 040 ## - CATALOGING SOURCE | |
| Transcribing agency | PK-LaUMT |
| 082 ## - DEWEY DECIMAL CLASSIFICATION NUMBER | |
| Classification number | 610 |
| Item number | MUZ-K |
| 100 ## - MAIN ENTRY--PERSONAL NAME | |
| Personal name | Muzaffar Hussain Awan |
| 245 ## - TITLE STATEMENT | |
| Title | Kitab ul mufardaat almaroof khawas ul adviyah (Urdu) |
| Statement of responsibility, etc | Muzaffar Hussain Awan |
| 260 ## - PUBLICATION, DISTRIBUTION, ETC. (IMPRINT) | |
| Place of publication, distribution, etc | Lahore,Pakistan: |
| Name of publisher, distributor, etc | Shaikh Ghulam Ali & sons, |
| Date of publication, distribution, etc | ND |
| 300 ## - PHYSICAL DESCRIPTION | |
| Extent | 554 p. |
| 546 ## - LANGUAGE NOTE | |
| Language note | UR |
| 942 ## - ADDED ENTRY ELEMENTS (KOHA) | |
| Koha item type | Books |
| Withdrawn status | Lost status | Damaged status | Not for loan | Home library | Current library | Date acquired | Total Checkouts | Total Renewals | Full call number | Barcode | Date last seen | Date checked out | Price effective from | Koha item type |
|---|---|---|---|---|---|---|---|---|---|---|---|---|---|---|
| UMT Main Campus | UMT Main Campus | 2015-12-22 | 4 | 1 | 610 MUZ-K | 94812 | 2022-02-03 | 2022-01-21 | 2015-12-22 | Books |
